Представление документа в формате RUSMARC

ПолеНазваниеЗначение
  Тип записи a
  Библиографический уровень a
001 Контрольный номер RU/CBS_UL/BASE/90087153cb4a4d279282fe6374ffcff4
005 Дата корректировки 20260130154125.1
100 Данные общей обработки __
a Данные общей обработки 20260130 ||| 0rusy0189 ca
101 Язык документа 0_
a Язык текста rus
102 Страна публикации __
a Страна публикации RU
200 Заглавие и сведения об ответственности 1_
a Заглавие Всесоюзный Калиныч
e Сведения, относящиеся к заглавию [истинная роль М. Калинина в системе власти Советского государства]
f Первые сведения об ответственности А. Замостьянов
300 Общие примечания __
a Общие примечания 12+
461 Уровень набора _0
1 2000
a Историк
463 Уровень физической единицы _0
1 2000
a № 11
v С. 60-63 : фото
1 2101
d 2025
1 001RU/CBS_UL/BASE/e40fccab52264027ade38d5d9a864c5d
600 Персоналии _1
a Персоналии (Фамилия) Калинин
b Персоналии (Имя, инициалы) М. И.
606 Тематические рубрики 0_
a Основная рубрика Калинин, Михаил Иванович (1875-1946)
610 Ключевые слова 0_
a Ключевые слова руководители СССР
610 Ключевые слова 0_
a Ключевые слова советские государственные деятели
610 Ключевые слова 0_
a Ключевые слова советские партийные деятели
610 Ключевые слова 0_
a Ключевые слова председатели Президиума Верховного Совета СССР
610 Ключевые слова 0_
a Ключевые слова главы советского государства
686 Индексы других классификаций __
2 Код системы rubbk
a Классификационный индекс 63.3(2)6
700 Автор _1
a Фамилия Замостьянов
b Имя (инициалы) А.
801 Источник записи _0
a Страна RU
b Организация МБУК ЦБС г. Ульяновска
c Дата составления 20260130
g Правила каталогизации RCR
801 Источник записи _1
a Страна RU
b Организация МБУК ЦБС г. Ульяновска
c Дата составления 20260130
g Правила каталогизации RCR
901 Тип документа __
t Тип документа b
w Контрольный № источника RU/CBS_UL/BASE/e40fccab52264027ade38d5d9a864c5d
909 Создатель записи __
a Создатель записи lib2